Polskie Władze Na Uchodźtwie - Statystyki

Ogólne statystyki
  • Ten quiz został rozwiązany 40 razy
  • Średni wynik to 3 z 6
Statystyki odpowiedzi
Lata Prezydent % Poprawnych
30.9.1939 -06.06.1947 Władysław Raczkiewicz
84%
19.07.1989-22.12.1990 Ryszard Kaczorowski
62%
08.04.1986-19.07.1989 Kazimierz Sabbat
38%
07.06.1947-07.04.1972 August Zaleski
35%
08.04.1979-08.04.1986 Edward Bernard Raczyński
32%
09.04.1972-08.04.1979 Stanisław Ostrowski
22%
Nie znaleziono quizów pasujących do podanych kryteriów
Rozkład punktacji
Procent ludzi z każdym wynikiem
Percentyl według liczby udzielonych odpowiedzi
Twoja historia wyników
Nie rozwiązałeś tego quizu